Po kom se jmenujeme? : encyklopedie křestních jmen /

Hlavní autor: Rameš, Václav, 1958-
Jazyk: Čeština
Vydáno: Praha : Libri, 2001
Vydání: 2. vyd.
Témata:
Fyzický popis: 498 s. : il. ; 21 cm
Knihy
Uloženo v:
LEADER 01571nam a2200493 a 4500
001 000560825
003 CZ BrMZK
005 20091021083421.0
007 ta
008 010907s2001 xr e e cze d
015 |a cnb000994169 
020 |a 80-7277-038-1 
035 |a (OCoLC)49836987 
040 |a BOA001  |b cze 
043 |a e-xr--- 
072 7 |a 81  |x Lingvistika. Jazyky  |2 Konspekt  |9 11 
080 |a 81'373.231  |2 MRF 
080 |a 81'373.6  |2 MRF 
080 |a 27-36  |2 MRF 
080 |a 27-36-055.2  |2 MRF 
080 |a 27-36-5  |2 MRF 
080 |a 27-564  |2 MRF 
080 |a 27-562/-565  |2 MRF 
080 |a (437.3)  |2 MRF 
080 |a (031)  |2 MRF 
080 |a (038)81  |2 MRF 
100 1 |a Rameš, Václav,  |d 1958-  |7 jo20000071175 
245 1 0 |a Po kom se jmenujeme? :  |b encyklopedie křestních jmen /  |c Václav Rameš 
250 |a 2. vyd. 
260 |a Praha :  |b Libri,  |c 2001 
300 |a 498 s. :  |b il. ;  |c 21 cm 
500 |a Bibliogr. 
650 0 7 |a rodná jména  |7 ph139209  |z Česko  |2 czenas 
650 0 7 |a etymologie  |7 ph135251  |2 czenas 
650 0 7 |a křesťanští světci  |7 ph115082  |2 czenas 
650 0 7 |a křesťanské světice  |7 ph122127  |2 czenas 
650 0 7 |a kult svatých  |7 ph138466  |2 czenas 
650 0 7 |a církevní rok  |7 ph114290  |2 czenas 
650 0 7 |a křesťanské svátky  |7 ph115071  |2 czenas 
655 7 |a encyklopedie  |7 fd132201  |2 czenas 
655 7 |a etymologické slovníky  |7 fd132220  |2 czenas 
910 |a BOA001  |b 2-1086.129 
990 |a BK 
996 6 |b 2610136233  |c 2-1086.129  |l MZK  |r Sklad / do 1 hodiny  |n 6  |p p.v.  |w 000560825  |u 000010  |a 1  |e BOA001  |j MZK50  |s P